00597nam a2200205Ia 450000500170000000800410001702000150005808200130007324500370008626000500012330000120017365000100018565000110019565000170020670000240022370000280024794200060027595200950028199900150037620240404025649.0240331s9999 xx 000 0 und d a818721824X bRELa331 0aRelavance of communist manifesto aNew Delhi :bIndian Social Institute /c2000. a114 p., aWomen aGender aHuman Rights aPinto, Ambroseeedt aChakraborty, Someneedt cL 001040708LaWERCLbWERCLcSSCd2024-03-31l0o 331 RELp4896r2024-03-31w2024-03-31yL c2599d2599